Biología 1 : biología humana y salud /
Guardado en:
| Autor Principal: | |
|---|---|
| Otros Autores: | , |
| Formato: | Libro |
| Publicado: |
Buenos Aires :
Estrada,
1999
|
| Series: | Libros con libros
|
| Materias: | |
| Etiquetas: |
Agregar Etiqueta
Sin Etiquetas, Sea el primero en etiquetar este registro!
|
| LEADER | 02091nam a22003495a 4500 | ||
|---|---|---|---|
| 001 | CEM.cems010198 | ||
| 008 | 130507s1999##################000#0#####d | ||
| 005 | 20211112141421.0 | ||
| 003 | CEMS | ||
| 245 | 1 | 0 | |a Biología 1 : |b biología humana y salud / |c Noemí Bocalandro, Débora Frid y Laura Socolovsky |
| 260 | |a Buenos Aires : |b Estrada, |c 1999 | ||
| 300 | |a 351 p. + libro de actividades | ||
| 490 | 0 | |a Libros con libros | |
| 500 | |a Para 1º año Polimodal | ||
| 505 | 0 | |a La célula: unidad estructural y funcional: los seres vivos, composición química de los seres vivos, las células, metabolismo celular, división celular --El organismo humano como sistema complejo y abierto: cómo funciona el organismo humano, la salud -- La nutrición en el organismo humano: la digestión, requerimientos nutricionales y dieta, la circulación, la respiración, excreción y equilibrio hídrico -- La función de relación : sistema endocrino, sistema nervioso, las defensas del organismo, el uso de drogas y el cuidado de la salud -- La vida, continuidad y cambio: reproducción, crecimiento y desarrollo, genética y herencia, variabilidad, selección y evolución -- La biología como emprendimiento humano | |
| 020 | |a 9500108682 | ||
| 100 | 1 | |a Bocalandro, Noemí | |
| 700 | 1 | |a Frid, Débora | |
| 700 | 1 | |a Socolovsky, Laura | |
| 082 | 0 | 4 | |a Z574 |
| 653 | |a Biología | ||
| 653 | |a Biología-polimodal | ||
| 653 | |a Célula | ||
| 653 | |a Organismo humano | ||
| 859 | |a CEMS |b BIB. CEMS - 11 de abril |h 574 |i B63 |p 20689.00 |t Ej.1 |v 1º |3 1 | ||
| 859 | |a CEMS |b BIB. CEMS - 11 de abril |h Z574 |i B63 |p 20690.00 |t Ej.2 |v 1º |3 1 | ||
| 859 | |a CEMS |b BIB. CEMS - 11 de abril |h Z574 |i B63 |p 21169.01 |t Ej.3 |v 1º |3 1 | ||
| 859 | |a CEMS |b BIB. CEMS - 11 de abril |h Z574 |i B63 |p 21839.02 |t Ej.4 |v 1º |3 1 | ||
| 859 | |a CEMS |b BIB. CEMS - 11 de abril |h Z574 |i B63 |p 22893.05 |t Ej.5 |v 1º |3 1 | ||
| 859 | |a CEMS |b BIB. CEMS - 11 de abril |h Z574 |i B63 |p 22894.05 |t Ej.6 |v 1º |3 1 | ||
| 859 | |a CEMS |b BIB. CEMS - 11 de abril |h Z574 |i B63 |p 22895.05 |t Ej.7 |v 1º |3 1 | ||
| 859 | |a CEMS |b BIB. CEMS - 11 de abril |h Z574 |i B63 |p 26202.11 |t Ej.8 |v 1º |3 1 | ||
